| 000 | 01001naa a22002657a 4500 | ||
|---|---|---|---|
| 001 | BR7904337 | ||
| 003 | BR-BrBNA | ||
| 005 | 20240918174421.0 | ||
| 007 | ta | ||
| 008 | 230509b bl.||||| |||| 00| 0 por d | ||
| 040 |
_aBR-BrBNA _bpor _cBiblioteca Nacional de Agricultura |
||
| 041 | _a(En) | ||
| 072 | _aH20; H00 | ||
| 090 | _aH20 BR7904337 | ||
| 100 | 1 | _aJames. W.C. | |
| 111 | 1 |
_a1. Latin America Workshop on Seed Pathology _cLondrina, PR (Brazil) _d10 Apr 1977 |
|
| 245 | 1 | _aImportance of interplot interference in field experiments involving plant diseases [Doenca de planta; Defesa vegetal] | |
| 260 | 3 |
_aLondrina, PR (Brasil): _c1979. |
|
| 500 | _aSeed pathology, problems and progress Londrina, PR (Brasil): 1979. p. 246-256 (BR7904337-AM)H20 | ||
| 650 | _aDoenca de planta | ||
| 650 | _aDefesa vegetal | ||
| 773 | 0 |
_tSeed pathology, problems and progress _b _wH20 BR7904337 _gLondrina, PR (Brasil), 1979. p. 246-256 |
|
| 909 |
_a202404 _bLucia _c55 _dLucia Elande |
||
| 942 |
_cAM _2AGRIS |
||
| 999 |
_c311101 _d311101 |
||